Billie Eilish - WILDFLOWER lyrics - Statistics

General Stats
  • This quiz has been taken 1,735 times
  • The average score is 236 of 276
Answer Stats
Answer % Correct
a
99%
I
99%
the
97%
time
97%
you
97%
and
96%
her
96%
my
96%
all
95%
do
95%
in
95%
of
95%
back
94%
but
94%
But
94%
know
94%
love
94%
me
94%
mind
94%
see
94%
she
94%
was
94%
your
94%
to
93%
who
93%
be
92%
don't
92%
should
92%
it
91%
like
91%
on
91%
that
91%
could
90%
remind
90%
alive
89%
burning
89%
cryin'
89%
Did
89%
fever
89%
I'm
89%
need
89%
cross
88%
girl
88%
go
88%
line
88%
hold
87%
shoulder
87%
Things
87%
things
87%
world
87%
apart
86%
behind
86%
breaks
86%
fall
86%
heart
86%
july
85%
put
85%
showed
85%
until
85%
so
83%
closer
82%
fell
81%
only
81%
out
81%
both
80%
made
80%
us
80%
there
79%
let
78%
sign
78%
wasn't
77%
different
75%
shouldn't
75%
couldn't
74%
more
74%
no
73%
good
71%
happy
71%
fast
70%
free
70%
from
70%
better
69%
last
69%
never
68%
life
67%
moves
67%
well
67%
ask
66%
leather
65%
just
64%
hotel
63%
myself
63%
Valentine's
62%
wonder
62%
didn't
61%
I'd
61%
kept
61%
cause
60%
Day
60%
hurt
60%
every
59%
how
59%
mean
58%
felt
57%
touch
57%
baby
54%
now
54%
eyes
52%
say
51%
one
49%
knows
47%
feels
40%
wanna
31%
No matching quizzes found
Score Distribution
Percent of People with Each Score
Percentile by Number Answered
Your Score History
You have not taken this quiz